[Event "Rubinstein Memorial 36th"]
[Site "Polanica Zdroj"]
[Date "1999.08.21"]
[Round "5"]
[White "Rustemov, Alexander"]
[Black "Sutovsky, Emil"]
[Result "0-1"]
[WhiteElo "2573"]
[BlackElo "2587"]
[Annotator "Ftacnik,L"]
[PlyCount "64"]
[EventDate "1999.08.17"]
[EventType "tourn"]
[EventRounds "9"]
[EventCountry "POL"]
[EventCategory "15"]
[SourceTitle "CBM 073"]
[Source "ChessBase"]
[SourceDate "1999.12.01"]
[SourceVersion "1"]
[SourceVersionDate "1999.12.01"]
[SourceQuality "1"]

1. d4 Nf6 2. c4 g6 3. Nc3 d5 4. Nf3 Bg7 5. Qb3 dxc4 6. Qxc4 O-O 7. Bf4 Na6 8.
e4 c5 9. dxc5 Be6 10. Qb5 Bd7 11. Qxb7 Nxc5 12. Qb4 Ne6 13. Be5 a5 14. Qa3 Qb6
15. Bc4 Ng4 $5 {[%mdl 4] Very interesting novelty in a well known position.
Instead of merely holding balance black hopes to prepare new problems for his
opponent.} (15... Rac8 16. Bxe6 (16. Qb3 Qb4 17. Ba6 Ra8 18. Be2 Bc6 19. Bc4
Nc5 20. Qxb4 axb4 21. Nd5 {1-0 Mohr,S-Smejkal,J/BL8990 1990/ (39)}) 16... Bxe6
17. O-O Qb4 18. Rfd1 Qxa3 19. bxa3 Rc5 20. Rab1 Ng4 21. Bxg7 Kxg7 22. Nd5 Rc2
23. Rd2 Rxd2 24. Nxd2 Rd8 {1/2-1/2 Eingorn,V-Lalic,B/Palma de Mallorca/1989/ 
(24)}) (15... Rfc8 16. Bxf6 (16. Bd5 {1-0 Laketic,G-Pavlovic,M/Tivat 1995/ (16)
}) 16... Bxf6 17. Nd5 Qb8 18. Nxf6+ exf6 19. Bxe6 Bxe6 20. O-O Qb4 21. Qxb4
axb4 {1/2-1/2 Topalov,V-Kasparov,G/Sarajevo/1999/ (21)}) 16. Bg3 (16. Bxg7 $2
Qxf2+ 17. Kd1 Ne3+ 18. Kc1 Qc2#) 16... Qb4 17. Qxb4 (17. Qb3 Nc5 18. Qxb4 axb4
19. Nd5 Bxb2 $11) 17... axb4 18. Nd5 Bxb2 19. Rb1 (19. Nxe7+ Kg7 20. Rd1 Bc3+
21. Kf1 Nc5 $132) 19... Bc3+ 20. Ke2 (20. Nxc3 bxc3 21. Rc1 Rfc8 $15) 20... Nc5
21. Nb6 {Rustemov senses, that his position with the king in the center is
ripe with dangers and tries to get rid of white squared bishop.} (21. Nxe7+ Kg7
22. e5 Be6 (22... Rxa2+ 23. Bxa2 Bb5+ 24. Kd1 Ba4+ 25. Ke2 Bb5+ $11) 23. Nd5 f6
$1 $36) 21... Be6 $5 (21... Ra7 22. Nxd7 Rxd7 23. e5 $11) 22. Bxe6 fxe6 (22...
Nxe6 23. Nxa8 Rxa8 24. Rhd1 Nf6 25. e5 Rxa2+ 26. Kf1 Ne4 $11) 23. Nxa8 Rxa8 24.
h3 $6 (24. Ng5 h6 25. Kf3 Nf6 26. e5 Nd5 27. Nh3 Ra3 $5 $15) 24... Rxa2+ 25.
Kf1 (25. Kd1 Nxf2+ 26. Bxf2 Rxf2 $19) 25... Nf6 26. e5 (26. Bh4 Nfxe4 27. Bxe7
Rxf2+ 28. Kg1 Nd3 $19) 26... Nd5 {The comparison of piece activity is rather
painful for white, despite material advantage he lack coordination and can not
create single threat.} 27. Kg1 b3 28. Kh2 b2 29. Rbd1 (29. h4 Ne4 30. Kh3 Nf4+
31. Bxf4 Nxf2+ 32. Kh2 Nxh1 33. Bd2 Ra1 $19) 29... Ne4 30. h4 h6 31. Rd3 Kf7
32. Kh3 $2 (32. Rb1 Nc5 33. Rdd1 Ba5 34. Rh1 Nc3 35. Rbf1 Nd3 36. Nd4 Bc7 $19)
32... Nxf2+ $1 (32... Nf4+ 33. Bxf4 Nxf2+ 34. Kh2 Nxd3 (34... Ra1 $19)) (32...
Nxf2+ $1 33. Bxf2 Nf4+ 34. Kh2 Nxd3 35. Rf1 Ra1 $19) 0-1

[Event "Sarajevo Bosnia 31st"]
[Site "Sarajevo"]
[Date "2001.05.15"]
[Round "3"]
[White "Kozul, Zdenko"]
[Black "Smirin, Ilia"]
[Result "0-1"]
[WhiteElo "2595"]
[BlackElo "2691"]
[Annotator "Ftacnik,L"]
[PlyCount "76"]
[EventDate "2001.05.13"]
[EventType "tourn"]
[EventRounds "9"]
[EventCountry "BIH"]
[EventCategory "16"]
[SourceTitle "CBM 084"]
[Source "ChessBase"]
[SourceDate "2001.09.13"]
[SourceVersion "1"]
[SourceVersionDate "2001.09.13"]
[SourceQuality "1"]

1. d4 Nf6 2. Nf3 g6 3. c4 Bg7 4. Nc3 d5 5. Qb3 dxc4 6. Qxc4 O-O 7. e4 Na6 8.
Be2 c5 9. d5 e6 10. O-O exd5 11. exd5 Bf5 12. Be3 Qb6 13. Nh4 Bd7 14. a3 Rfe8 (
14... Ne8 15. b4 (15. Qa2 Nd6 16. Rac1 Rac8 17. Rfe1 Rfe8 18. Bf1 Bd4 19. Bf4
c4 20. Bg3 Rxe1 21. Rxe1 Qc5 {0-1 Kozul,Z-Jaracz,P/Ohrid/2001/ (43)}) 15... Nd6
16. Qb3 Rfe8 17. Rac1 c4 18. Qc2 Rxe3 19. fxe3 Qxe3+ 20. Kh1 Re8 21. Rfe1 Nc7 {
0-1 Kotov,A-Averbakh,Y/Moscow/1955/ (33)}) (14... Qa5 15. Nf3 Rfe8 16. Qh4 Rac8
17. Rad1 Qb6 18. Rd2 Rxe3 19. fxe3 c4 20. Kh1 h5 21. d6 {1-0 Aleksandrov,
A-Zhenetl,R/Krasnodar/2000/ (30)}) 15. Rad1 (15. b4 Rxe3 16. fxe3 cxb4 17. Nd1
Nxd5 18. Rb1 Be6 19. Qc1 Rc8 20. Qd2 Nc3 21. Nxc3 Bxc3 22. Qd3 Nc5 {0-1
Jamrich,G-Ni Hua2/Budapest/2000/ (31)}) 15... Rab8 16. Rd2 (16. Bf4 Rbd8 17.
Rd2 Qa5 $13) 16... Qa5 17. Nf3 (17. Re1 b5 18. Qf4 b4 19. axb4 cxb4 20. Nb1 Ne4
$17) 17... b5 $1 {Black very corrrectly exploits the potential of his
queenside pawn majority, at least white pieces have to give up pretense of
coordination.} 18. Qh4 b4 19. Nb1 (19. axb4 cxb4 20. Nb1 Ne4 21. Ng5 Nxg5 22.
Qxg5 Nc5 $13) 19... Rb6 20. h3 (20. axb4 $2 Rxb4 $19) (20. Bxa6 Rxa6 21. Rc1
Ne4 22. Ng5 Nxg5 23. Qxg5 bxa3 24. bxa3 Bf5 $13) 20... Bf5 (20... Ne4 21. Ng5
$11) 21. d6 Nb8 22. Rdd1 (22. Bd3 Bxd3 23. Rxd3 Nbd7 24. Rfd1 Qa6 $15) 22...
Bxb1 23. Rxb1 Rxd6 24. axb4 cxb4 (24... Qxb4 25. Qxb4 cxb4 26. Bb5 Red8 27. Bc5
Rd5 28. Be7 Rc8 29. Rbc1 $14) 25. Ra1 Qd8 (25... Qf5 26. Qxb4 $11) 26. Rxa7 (
26. Qxb4 Nd5 27. Qc5 Nxe3 28. fxe3 Bh6 $17) 26... Nc6 27. Rb7 $2 {[%mdl 8192]
Serious mistake, the rook is not always tronger on the seventh rank.} (27. Ra6
$1 Nd5 28. Qxd8 Rexd8 29. Bc5 Re6 30. Bc4 $11) 27... Nd5 $1 28. Bc5 (28. Qxd8
Nxd8 29. Rb8 Nxe3 30. fxe3 Bxb2 31. Rxb4 Ba3 32. Rb5 Rxe3 $17) (28. Bc4 Qxh4
29. Nxh4 Re4 30. Bxd5 Rxd5 31. Rc7 Rxh4 32. Rxc6 Bxb2 $17) 28... Rxe2 29. Bxd6
Qxd6 30. Rd1 (30. Ng5 h6 31. Nxf7 Qf4 $19) 30... Rxb2 $1 31. Ng5 (31. Qc4 Nce7
32. Rxe7 Qxe7 33. Qxd5 h6 $19) 31... h6 32. Nxf7 (32. Qe4 hxg5 33. Rxd5 (33.
Qe8+ Kh7 34. Qxf7 Nce7 35. Rxe7 Qxe7 36. Qxd5 g4 37. hxg4 Qe2 38. Rf1 Qxg4 $19)
33... Qf4 34. Qe8+ Kh7 $19) 32... Qf4 $1 {With the white queen Kozul has to
give up hopes for a strong counterplay.} 33. Qxf4 Nxf4 34. Rd6 (34. Rc7 Nd4 $19
) 34... Rc2 35. Nd8 Ne2+ 36. Kf1 (36. Kh1 Rc1+ 37. Kh2 Be5+ $19) 36... Ncd4 37.
f4 (37. Ke1 Nf5 38. Rc6 Bc3+ 39. Kf1 Nf4 $19) 37... Nf5 38. Rxg6 (38. Re6 Neg3+
39. Ke1 Bc3+ 40. Kd1 Rd2+ 41. Kc1 Rxd8 $19) 38... Nxf4 (38... Nxf4 39. Rc6 Ng3+
40. Ke1 Nxg2+ 41. Kd1 Ne3+ 42. Ke1 Re2#) 0-1

[Event "Dos Hermanas-A"]
[Site "Dos Hermanas"]
[Date "2001.04.20"]
[Round "2"]
[White "Gurevich, Mikhail"]
[Black "Illescas Cordoba, Miguel"]
[Result "1-0"]
[WhiteElo "2688"]
[BlackElo "2562"]
[Annotator "Ftacnik,L"]
[PlyCount "57"]
[EventDate "2001.04.19"]
[EventType "tourn"]
[EventRounds "9"]
[EventCountry "ESP"]
[EventCategory "16"]
[SourceTitle "CBM 083"]
[Source "ChessBase"]
[SourceDate "2001.07.05"]
[SourceVersion "1"]
[SourceVersionDate "2001.07.05"]
[SourceQuality "1"]

1. d4 Nf6 2. c4 g6 3. Nc3 d5 4. Qb3 dxc4 5. Qxc4 Bg7 6. e4 O-O 7. Be2 Na6 8.
Nf3 c5 9. d5 e6 10. O-O exd5 11. exd5 Bf5 12. Bf4 Qb6 13. Be5 Rad8 14. Rac1 {
The clear prove of the fact, that white is still looking for the best way to
fight for advantage, lays in the wide array of moves that have been played in
this position.} (14. Rfd1 Rfe8 (14... Ne8 15. Na4 Qa5 16. Bxg7 Kxg7 17. Rac1
Nd6 18. Qb3 Bd7 19. Qc3+ Qxc3 20. Nxc3 Rfe8 21. Bxa6 bxa6 22. Re1 {1-0 Lputian,
S-Gavrikov,V/Minsk/1987/ (42)}) 15. Qh4 Nd7 16. Bxg7 Kxg7 17. b3 Qa5 18. Rac1
Nf6 19. Bb5 Bd7 20. Bxa6 Qxa6 21. Nd2 {1/2-1/2 Gurevich,M-Gavrikov,V/Minsk/
1987/ (29)}) (14. Rad1 Rfe8 15. Qh4 Nd7 16. Bxg7 Kxg7 17. Bxa6 (17. Rd2 Nf6 18.
h3 Nb4 19. g4 Bc8 20. Bc4 {1-0 Renman,N-Welin,T/Norrkoeping/1988/ (35)}) 17...
Qxa6 18. Rfe1 Rxe1+ 19. Rxe1 Nf6 20. Ne5 Re8 21. Re3 b5 22. g4 Bc8 {1/2-1/2
Beliavsky,A-Popovic,P/Belgrade/1987/ (32)}) (14. d6 Qb4 (14... Nd7 15. Bxg7
Kxg7 16. Nb5 Nf6 17. Rad1 Bd7 18. a4 Nb4 19. b3 Bxb5 20. Qxb5 Qxb5 21. axb5 Ne4
22. Ra1 {1/2-1/2 Vladimirov,E-Ilincic,Z/Alma-Ata/1989/ (48)}) (14... Rfe8 15.
Qh4 Ne4 16. Nxe4 Bxe5 17. Neg5 Bg7 18. Qxh7+ Kf8 19. Bc4 Rd7 20. Nxf7 Bxb2 21.
Rae1 {1-0 Babula,V-Konopka,M/Brno/1991/ (36)}) 15. Rad1 Qxc4 16. Bxc4 Nb4 17.
h3 a6 18. a3 Nc6 19. g4 Bd7 20. Rfe1 {1-0 Vladimirov,E-Popovic,P/Moscow 1989/ 
(43)}) (14. b3 Qb4 15. Rfd1 Ne8 16. Bxg7 Kxg7 17. Rac1 Qxc4 18. Bxc4 Nac7 19.
Nb5 Nxb5 20. Bxb5 Nd6 21. Bf1 b6 22. Ne5 {1-0 Akhmilovskaya,E-Richtrova,E/
Borshomi/1990/ (41)}) 14... Qxb2 15. Nb5 Qb4 16. Nd6 Ne4 (16... Be4 $1 17. Nxe4
Nxe4 18. Bxg7 Kxg7 19. Qc2 Nf6 20. Rb1 (20. Bxa6 bxa6 $15) 20... Qa5 21. Rxb7
Nc7 22. Nd2 Ncxd5 23. Nb3 Qc3 24. Qc1 $1 $11) (16... Qxc4 17. Bxc4 Nb4 (17...
Nxd5 18. Bxd5 Bxe5 (18... Bd3 19. Rfd1 Be2 20. Nxb7 Bxd1 21. Nxd8 Bxf3 22.
Bxf7+ $16) 19. Nxf5 gxf5 20. Bxb7 $16) 18. Nxb7 $16) 17. Bxg7 Kxg7 (17... Qxc4
18. Bxc4 Nxd6 (18... Kxg7 19. Nxb7 $18) 19. Bxf8 Nxc4 20. Be7 Rd7 21. Rfe1 $16)
18. Nxf5+ gxf5 19. Qc2 Rxd5 20. Bc4 Rdd8 (20... Rd7 21. Nh4 Re8 22. Nxf5+ Kg6 (
22... Kh8 23. Rfe1 $16) 23. Qe2 Kxf5 24. Qh5+ Kf6 25. Qh4+ Ng5 26. Qh6+ Kf5 27.
f4 $16) 21. Nh4 $1 {[%mdl 1024] Gurevich has sacrificed two pawnsas he saw the
compensation in the location on the knight a6 as well as in destroyed shelter
around the black's king.} Kh8 (21... Nd6 22. Nxf5+ Nxf5 23. Qxf5 Qb6 24. Rb1
$16) (21... Kf6 22. Nxf5 Kxf5 23. f3 $16) 22. Nxf5 Nd2 $6 (22... Rfe8 $1 23.
Rfe1 Qd2 (23... Nf6 24. Rxe8+ Rxe8 25. Ne3 $14) 24. Bxa6 bxa6 25. f3 Rg8 26.
Qxd2 (26. Re2 Qxc2 27. Rexc2 Ng5 28. Ng3 Ne6 $11) 26... Rxd2 27. Rxe4 Rgxg2+
28. Kf1 h6 29. Ng3 Rxh2 30. Rxc5 Rxa2 $11) 23. Bxa6 bxa6 (23... Nxf1 24. Bxf1
Rd2 25. Qxc5 Qxc5 26. Rxc5 Rxa2 27. Rc7 b6 28. g3 $16) 24. Rfe1 Rfe8 $2 {
The defense is not a grateful task in chess, with an exchange of a rook pair
black will paradoxically worsen his position.} (24... Qg4 $1 25. Kh1 Rg8 26.
Qc3+ Rd4 27. Ng3 $14) (24... Rd5 $6 25. Re7 $16) 25. Rxe8+ Rxe8 26. Nd6 Re7 (
26... Re6 27. Nxf7+ Kg7 28. Ng5 $18) 27. Qf5 Qb2 (27... Kg7 28. Qg5+ Kf8 29.
Nf5 Re1+ 30. Rxe1 Nf3+ 31. gxf3 Qxe1+ 32. Kg2 $18) 28. Qc8+ Kg7 29. Nf5+ (29.
Nf5+ Kf6 30. Qh8+ $18) 1-0

[Event "Sarajevo Bosnia 29th"]
[Site "Sarajevo"]
[Date "1999.05.25"]
[Round "8"]
[White "Timman, Jan H"]
[Black "Kasparov, Garry"]
[Result "0-1"]
[WhiteElo "2670"]
[BlackElo "2812"]
[Annotator "Ftacnik,L"]
[PlyCount "120"]
[EventDate "1999.05.17"]
[EventType "tourn"]
[EventRounds "9"]
[EventCountry "BIH"]
[EventCategory "19"]
[SourceTitle "CBM 071"]
[Source "ChessBase"]
[SourceDate "1999.08.01"]
[SourceVersion "1"]
[SourceVersionDate "1999.08.01"]
[SourceQuality "1"]

1. d4 {Hecht} Nf6 2. c4 g6 3. Nc3 d5 4. Nf3 Bg7 5. Qb3 dxc4 6. Qxc4 O-O 7. e4
Na6 8. Be2 c5 9. d5 e6 10. O-O exd5 11. exd5 Bf5 12. Be3 Qb6 13. Nh4 {Not a
nice move to be made in the opening, but white badly wishes to use his rook on
b1 square.} (13. b3 Rfe8 14. Rad1 Ng4 (14... Rxe3 15. fxe3 Ng4 16. Na4 Qd6 17.
e4 Bd7 18. e5 (18. Qc1 b5 19. Nc3 c4 20. bxc4 bxc4 21. Kh1 Qc5 22. Ng5 Nf2+ 23.
Rxf2 Qxf2 24. Rf1 Qd4 25. Rxf7 {1-0 Van Roosmalen,A-Van Oosten,P/NLD-ch H corr
1989/ (31)}) 18... Nxe5 19. Qf4 Nxf3+ 20. Qxf3 f5 21. Bxa6 bxa6 22. Nc3 Be5 23.
g3 {1/2-1/2 Delabie,J-Flacker,E/W-ch17 sf07 corr8893 1988/ (31)}) 15. Bd2 Rad8
16. Rfe1 Nb4 17. Na4 Qd6 18. Bf4 Qf8 19. Bc7 Rd7 20. d6 b6 21. Bf1 Rxe1 22.
Rxe1 Nc2 23. Rd1 Nd4 24. Nxd4 cxd4 25. h3 Ne5 26. Qa6 Bc2 27. Rxd4 Nf3+ 28.
gxf3 Bxd4 29. Qc4 {1-0 Ree,H-Chandler,M/Thessaloniki/1984/ (61)}) (13. Qb3 Rfd8
14. Qxb6 axb6 15. Rad1 Nb4 16. Bc4 Ne4 17. Nxe4 Bxe4 18. d6 Bxf3 19. gxf3 Bxb2
20. Bg5 Rd7 21. Rfe1 Nc6 22. Rb1 Be5 23. Rxb6 Bxd6 24. Kg2 Bf8 {0-1 Kozul,
Z-Tukmakov,V/Pula/1999/ (40)}) 13... Bd7 14. Rab1 (14. a3 Ne8 15. b4 Nd6 16.
Qb3 Rfe8 17. Rac1 c4 18. Qc2 Rxe3 19. fxe3 Qxe3+ 20. Kh1 Re8 21. Rfe1 Nc7 22.
h3 Qf4 23. Nf3 Nf5 {0-1 Kotov,A-Averbakh,Y/Moscow/1955/ (33)}) 14... Rfe8 15.
b4 Rxe3 $1 (15... Rac8 $2 16. bxc5 Qa5 17. c6 (17. Rxb7 Nxc5 $19) 17... Bxc6
18. dxc6 Rxc6 19. Qb5 Qxc3 20. Qxb7 $16) 16. fxe3 (16. bxc5 Rxc3 17. cxb6 Rxc4
18. Bxc4 axb6 $15) 16... cxb4 {The positional exchange sacrifice has many
layers. White pawn structure is seriously compromised, black has won a pawn
and excellent piece play in the center. Last but not least the knight on h4 is
seriously out of play.} 17. Qf4 (17. Nd1 $6 Qd6 18. e4 Rc8 $17) 17... Qc5 18.
Ne4 (18. Bxa6 bxc3 (18... bxa6 19. Qxb4 Qxe3+ 20. Kh1 a5 21. Qb7 Rc8 $132) 19.
Bxb7 Re8 20. Qd4 Qa3 $13) 18... Nxe4 19. Qxe4 (19. Qxf7+ $2 Kh8 20. Qxd7 Qxe3+
21. Kh1 Qxe2 22. Rbe1 Qd3 $17) 19... Re8 20. Qf4 Qxe3+ 21. Qxe3 Rxe3 22. Bxa6 (
22. Kf2 Ra3 $15) 22... bxa6 23. Rxb4 Rd3 24. Rbf4 $6 (24. Rb8+ Bf8 25. Nf3 Rxd5
26. Rfb1 Kg7 $15) 24... Rxd5 (24... g5 25. R4f3 Rxd5 26. Nf5 Bf8 $15) 25. Rxf7
Bb5 {The bishops are exerting enormous influence in the position, white is
still burdened with the poor location of the knight h4.} 26. Rxg7+ (26. R1f3
Bd4+ 27. Kh1 Bf6 $1 28. R7xf6 Rd1+ 29. Rf1 Bxf1 30. h3 Kg7 31. Rf2 Bc4+ 32. Kh2
Ra1 $19) 26... Kxg7 {Hecht: '[#] Zusätzliches Studienmaterial: Starker Läufer
gegen lahmen Springer, Themen: Lavieren'} 27. Rc1 g5 28. Nf3 g4 29. Nh4 (29.
Ne1 Rf5 $1 30. h3 g3 31. Nf3 Rd5 $19) 29... Kf6 30. Rc7 h5 31. Rxa7 Rd1+ 32.
Kf2 Rd2+ 33. Ke3 Rxa2 {Hecht: '[#]'} 34. Rb7 (34. Rc7 a5 35. Rc5 Be8 $19) 34...
Re2+ 35. Kf4 Re4+ $1 {[%mdl 4096] Quite ironically the knight on h4 is now
trapped and can not even dream to match the potential of the black's bishop.}
36. Kg3 (36. Kxe4 Bc6+ 37. Kd4 Bxb7 38. Kc5 g3 $5 (38... Be4 39. Kb6 Ke5 40.
Kxa6 Kf4 41. g3+ Ke3 42. Kb6 Kf2 43. Kc5 Kg1 44. Kd4 Bb1 45. Ke5 Kxh2 46. Kf4
Kh3 47. Kg5 Kxg3 48. Kxh5 Be4 49. Kg5 Kh3 50. Kh5 g3 51. Kg5 Bd3 52. Kh5 Bb5
53. Kg5 Be8 $19) 39. hxg3 Kg5 40. Kb6 Be4 41. Nf3+ Kg4 42. Nd4 Kxg3 43. Kxa6 h4
44. Kb5 Kxg2 (44... Kg4 45. Kc5 Bxg2 $19) 45. Ne6 Kg3 46. Ng5 Kf4 47. Nh3+ Kg4
48. Ng1 Bd3+ 49. Kc5 Kg3 $19) 36... Re3+ 37. Kf4 Re4+ 38. Kg3 Re7 39. Rb6+ Re6
40. Rb7 Bd3 41. Rd7 Bb5 42. Rh7 (42. Rb7 Be8 $19) 42... Be8 43. Ra7 Re3+ 44.
Kf4 Ra3 45. Rb7 Ra4+ 46. Ke3 Re4+ 47. Kd3 Re7 48. Rb2 (48. Rb6+ Re6) 48... Bb5+
49. Kd4 Re2 50. Rb3 (50. Rxe2 Bxe2 51. Ke3 Bb5 52. Kd4 a5 53. Kc5 a4 54. Kb4
Be8 55. g3 Ke5 $19) 50... Kg5 51. g3 Rd2+ (51... Rxh2 52. Rc3 Rd2+ 53. Ke4 Re2+
54. Kd4 Kf6 55. Rc5 Be8 $19) 52. Ke4 Rc2 53. Ke5 (53. Nf5 Re2+ 54. Re3 Rxh2 $19
) 53... Rxh2 54. Rc3 Re2+ 55. Kd4 Rd2+ 56. Ke4 Re2+ 57. Kd4 Rd2+ 58. Ke4 Kf6
59. Rc5 Re2+ 60. Kf4 (60. Kd4 Be8 $19) 60... Bd3 (60... Bd3 61. Rc6+ (61. Rxh5
$2 Re4#) 61... Re6 62. Rxe6+ Kxe6 63. Kg5 Be4 64. Kxh5 a5 65. Kxg4 a4 $19) 0-1

[Event "Ciocaltea Memorial"]
[Site "Bucharest"]
[Date "1999.03.15"]
[Round "12"]
[White "Vasilescu, Lucian Mihail"]
[Black "Marjanovic, Slavoljub"]
[Result "1-0"]
[WhiteElo "2381"]
[BlackElo "2451"]
[Annotator "Ftacnik,L"]
[PlyCount "85"]
[EventDate "1999.03.04"]
[EventType "tourn"]
[EventRounds "13"]
[EventCountry "ROU"]
[EventCategory "10"]
[SourceTitle "CBM 070"]
[Source "ChessBase"]
[SourceDate "1999.06.08"]
[SourceVersion "1"]
[SourceVersionDate "1999.06.08"]
[SourceQuality "1"]

1. d4 d5 2. c4 dxc4 3. Qa4+ c6 4. Qxc4 g6 5. Nf3 Bg7 6. Nc3 Nd7 7. Bf4 Ngf6 8.
e4 O-O 9. Be2 (9. Rd1 Nb6 10. Qc5 (10. Qd3 Be6 11. Qc2 h6 12. h3 Ne8 13. Be2
Nd6 14. O-O Qc8 15. b3 a5 16. Rc1 f5 17. Be5 fxe4 18. Nxe4 Bf5 19. Qc5 Nxe4 20.
Qxb6 Bxe5 21. dxe5 Bxh3 22. gxh3 Qxh3 23. Nh2 Rf5 24. Kh1 Ng3+ 25. fxg3 {
1-0 Levin,J-Sandrin,A/New York 1946/ (25)}) 10... Bg4 (10... Nh5 11. Bg5 Re8
12. Be2 Qd6 13. Be3 Qxc5 14. dxc5 Nd7 15. Nd2 Nhf6 16. Nc4 b5 17. cxb6 axb6 18.
Bxb6 Nxb6 19. Nxb6 Rb8 20. Nxc8 Rexc8 21. b3 Nh5 22. Na4 {1-0 Krause,D-Boldt,D/
Dortmund 1987/ (57)}) 11. Bg5 $2 (11. Be2 Nfd7 12. Qa3 Bxf3 13. Bxf3 (13. gxf3
e5 14. dxe5 Qe8 15. Be3 Qxe5 16. f4 Qe8 17. e5 f6 18. Qb3+ Kh8 19. e6 Nb8 20.
a4 Qe7 21. a5 Nc8 22. h4 {1-0 Tisdall,J-Vark,L/Osterskars 1995/ (31)}) 13... e5
14. dxe5 Qe8 15. Be2 Nxe5 16. O-O Qe6 17. Rfe1 Rfe8 18. Bc1 Bf8 19. Qb3 Qxb3
20. axb3 Ned7 21. Bd3 {1-0 Flear,G-Morris,P/Dublin 1991/ (46)}) 11... Na4 $3
12. Qa3 (12. Nxa4 Nxe4 13. Qc1 (13. Qxe7 Qa5+ 14. b4 Qxa4 15. Qxe4 Rfe8 16. Be7
Bxf3 17. gxf3 Bf8 $19) 13... Qa5+ 14. Nc3 Bxf3 15. gxf3 Nxg5 $17) 12... Nxc3
13. bxc3 Nxe4 14. Bxe7 Qb6 $17 {@/} 15. Bc4 Nxc3 $1 16. Bc5 (16. Qxc3 Rfe8 17.
Bxf7+ Kxf7 18. Ng5+ Kxe7 19. O-O Bxd1 20. Rxd1 Qb5 $19) 16... Rfe8+ 17. Kf1 Be6
$3 18. Bxb6 (18. Bxe6 Qb5+ 19. Kg1 Ne2+ 20. Kf1 Ng3+ 21. Kg1 Qf1+ $1 22. Rxf1
Ne2#) (18. Qxc3 Qxc5 $1 19. dxc5 Bxc3 20. Bxe6 Rxe6 $19) (18. Bd3 Nb5 $17)
18... Bxc4+ 19. Kg1 Ne2+ 20. Kf1 Nxd4+ 21. Kg1 (21. Rd3 axb6 22. Qc3 Nxf3 $19)
21... Ne2+ 22. Kf1 Nc3+ 23. Kg1 axb6 24. Qb4 Ra4 25. Qxb6 Nxd1 $19 {0-1 Byrne,
D-Fischer,R/New York/1957/ (41)}) (9. Qb3 Nb6 10. Be2 Be6 11. Qc2 Nh5 12. Bg5
h6 13. Be3 Nc4 14. Bc1 Rc8 15. O-O Qc7 16. g3 Rfd8 17. b3 Nb6 18. Be3 Bg4 19.
Rfd1 e5 20. Nxe5 Bxe2 21. Nxe2 Bxe5 22. dxe5 Qxe5 23. Bd4 Qe6 24. Bb2 {1-0
Prange,S-Besser,A/NRW-II 1990/ (47)}) 9... Qa5 (9... Nb6 10. Qd3 Be6 (10... Bg4
11. O-O Nh5 12. Be3 Qc7 13. h3 Be6 14. b3 Nf4 15. Qd2 Nxe2+ 16. Nxe2 Rad8 17.
Rac1 Bc8 18. a4 e5 19. d5 Qb8 20. a5 cxd5 21. axb6 dxe4 22. bxa7 Qa8 23. Qa5
exf3 24. Nc3 fxg2 {0-1 Von Leoprechting,G-Bier,N/Trier 1992/ (58)}) 11. O-O Qc8
12. Rac1 Nh5 13. Be3 f5 14. Ng5 Bc4 15. Qd1 f4 16. Bxc4+ Nxc4 17. Qb3 b5 18.
Nxb5 cxb5 19. Qxb5 fxe3 20. Rxc4 exf2+ 21. Rxf2 Qg4 {0-1 Gershman,J-Najdorf,M/
Buenos Aires/1939/ (34)}) (9... Nh5 10. Be3 (10. Bg5 h6 (10... Nb6 11. Qc5 f6
12. Be3 Be6 13. h3 Bh8 14. g4 Ng7 15. Rd1 Bf7 16. h4 Ne6 17. Qa3 Nc7 18. g5 Qd6
19. Qxd6 exd6 20. gxf6 Bxf6 21. Nd2 {1/2-1/2 Vuin,R-Vlahovic,S/Kladovo 1990/ 
(21)}) 11. Be3 Kh7 12. O-O Nb6 13. Qd3 f5 14. exf5 Bxf5 15. Qd2 Nf6 16. Ne5
Nbd5 17. g4 Be6 18. Qc2 Bf7 19. Bd3 Qe8 20. a3 Nd7 21. Nxd5 Nxe5 22. dxe5 cxd5
23. f4 {1-0 Schmidt,W-Krasenkova,I/Koszalin 1997/ (50)}) 10... Kh8 11. Ng5 Qe8
12. Qb3 h6 13. Nf3 e5 14. dxe5 Nxe5 15. Nxe5 Qxe5 16. O-O Nf4 17. Bc4 Qg5 18.
g3 Nh3+ 19. Kh1 Qe7 20. f4 Kg8 21. e5 b5 22. Be2 Be6 {1/2-1/2 Pizzi Possi,
T-Salas Romo,J/Vina del Mar 1945/ (67)}) 10. b4 Qd8 (10... Qb6 11. Rc1 $14) 11.
Rd1 {Black has managed to give white in effect two tempoes, but advanced b
pawn is not necessarily an asset.} Nb6 12. Qd3 Nh5 13. Bg3 (13. Be3 f5 $5)
13... Be6 (13... f5 $5 14. Be5 fxe4 15. Qxe4 (15. Nxe4 Nf4 $15) 15... Bf5 16.
Qh4 Nf6 $11) 14. O-O a6 (14... Bc4 15. Qe3 Nxg3 16. hxg3 a5 $15) 15. Qb1 Nxg3
16. hxg3 Qc7 (16... Bg4 17. a3 Bxf3 18. Bxf3 Bxd4 19. Ne2 e5 20. Nxd4 exd4 21.
Qd3 $11) 17. a4 Rad8 {Marjanovic has a solid, even though a bit passive
position. It might have made sense to try opening a play a bit with 17...a5!?}
(17... a5 $5 $15) 18. a5 Nc8 19. Na4 Bg4 20. e5 Na7 (20... f6 $6 21. Qa2+ Kh8
22. Nc5 fxe5 23. Nxe5 $16) 21. Nc5 Nb5 22. Bxb5 (22. Qa1 $5 Qc8 $15) (22. Qb2
$2 Bxf3 23. gxf3 Nxd4 24. f4 Nxe2+ 25. Qxe2 $17) 22... axb5 (22... cxb5 23. Qe4
Bxf3 24. gxf3 Rc8 25. f4 $14) 23. Qe4 {White's pawn structure is now rather
compromised with the weak square d5, but the knight on c5 is very strong and
b7 pawn needs protection.} h5 (23... Bf5 24. Qh4 Rd5 $15) 24. Rfe1 Rd5 25. Qf4
Rfd8 26. Rd3 Qc8 (26... Bxf3 27. gxf3 e6 $15) 27. Ng5 Bf5 (27... Qf5 28. Nxb7
$1 Qxd3 29. Qxf7+ Kh8 30. Nxd8 Rxd8 31. Qxe7 Rf8 32. Re4 $15) 28. Rd2 Bh6 29.
Qh4 f6 $6 {Logical move, but white pieces are so exposed, that black could
have tried to improve the conditions for the push f7-f6.} (29... Bg4 $5 30. Rd3
(30. f3 f6 31. Nge4 Bxd2 32. Nxd2 g5 33. Qh2 Rxd4 $19) 30... f6 31. Nge4 g5 32.
Qh2 f5 33. Nc3 Rxd4 34. Rxd4 Rxd4 35. f3 Rxb4 36. fxg4 $13) 30. exf6 exf6 31.
Nge4 Bxd2 (31... Bxe4 $2 32. Nxe4 Bxd2 33. Nxf6+ Kf8 34. Nxd5 Rxd5 35. Qf6+ Kg8
36. Re7 $18) 32. Nxf6+ Kf7 $2 {Defence is always difficult, but black is
clearly toying with fire.} (32... Kh8 33. Re7 $18) (32... Kf8 $1 33. Nh7+ (33.
Nxd5 Rxd5 34. Qf6+ Kg8 35. Re7 Qf8 36. Qxf8+ Kxf8 37. Rxb7 Bxb4 38. a6 Rxd4 39.
a7 Rd1+ 40. Kh2 Ra1 41. Nb3 Ra3 42. Rb8+ Kf7 43. a8=Q Rxa8 44. Rxa8 c5 45. Rb8
Be6 $17) 33... Kg8 (33... Kg7 34. Re7+ Kh6 35. f4 Be3+ 36. Kh1 Be6 37. Qf6 Rg8
38. Ng5 $18) 34. Nf6+ (34. Qe7 Rf8 $19) 34... Kf8 $11) 33. Nxd5 (33. Re7+ $3
Kxe7 (33... Kf8 34. Nfd7+ $1 Kg8 35. Qf6 Bh6 36. Qf7+ Kh8 37. Qh7#) 34. Nxd5+
Kd6 (34... Kf8 35. Qe7+ Kg8 36. Nf6+ Kh8 37. Qh7#) 35. Nb6 Qb8 36. Qf6+ Kc7 37.
Qe7+ Rd7 38. Ncxd7 $18) 33... Rxd5 34. Re7+ Kg8 35. Rxb7 Qf8 (35... Qd8 36.
Qxd8+ Rxd8 37. a6 Ra8 38. a7 Bc8 39. Rb8 Rxa7 40. Rxc8+ $14) (35... Rxc5 36.
Qe7 Rc1+ 37. Kh2 Qxb7 38. Qxb7 Be1 39. f3 Bf2 40. g4 hxg4 41. fxg4 $16) 36. a6
Bc8 (36... Rd8 $2 37. Qxd8 $1 Qxd8 38. a7 $18) 37. Rb8 Bg5 $138 {Black had no
real defense, but this move loses the house.} (37... Be1 38. a7 (38. Nd3 $5 $18
) 38... Bxf2+ 39. Kh2 Rxd4 40. Qh3 Rd1 41. Qxc8 Bg1+ 42. Kh3 $18) 38. Qe4 Rd8 (
38... Kh7 39. a7 $18) 39. Qxg6+ Kh8 40. Qxg5 Re8 (40... Rd5 41. Qxd5 cxd5 42.
a7 $18) 41. a7 Bd7 42. Rxe8 Qxe8 43. Qe5+ 1-0